Исследование влияния механической активации сырья на свойства синтезируемого высокочистого карбида кремния; Известия Томского политехнического университета [Известия ТПУ]; Т. 308, № 6

Detalles Bibliográficos
Parent link:Известия Томского политехнического университета [Известия ТПУ]/ Томский политехнический университет (ТПУ).— , 2000-
Т. 308, № 6.— 2005.— [С. 104-108]
Autor principal: Карелин В. А. Владимир Александрович
Otros Autores: Андриец С. П., Юферова А. П.
Sumario:Заглавие с титульного листа
Электронная версия печатной публикации
Исследован гранулометрический, фазовый и химический состав высокочистых образцов карбида кремния, полученных из предварительно отмытого порошка поликристаллического кремния различного гранулометрического состава. Разработана технология синтеза карбида кремния из механически активированного порошка. Показано, что синтезированный продукт имеет свойства, необходимые для получения компактных керамических изделий.
Lenguaje:ruso
Publicado: 2005
Colección:Технические науки
Materias:
Acceso en línea:http://www.lib.tpu.ru/fulltext/v/Bulletin_TPU/2005/v308/i6/23.pdf
Formato: Electrónico Capítulo de libro
KOHA link:https://koha.lib.tpu.ru/cgi-bin/koha/opac-detail.pl?biblionumber=170845

MARC

LEADER 00000nla2a2200000 4500
001 170845
005 20250415063330.0
035 |a (RuTPU)RU\TPU\book\185254 
035 |a RU\TPU\book\185245 
090 |a 170845 
100 |a 20091126d2005 k y0rusy50 ca 
101 0 |a rus 
102 |a RU 
135 |a drnn ---uucaa 
181 0 |a i  
182 0 |a b 
200 1 |a Исследование влияния механической активации сырья на свойства синтезируемого высокочистого карбида кремния  |f В. А. Карелин, С. П. Андриец, А. П. Юферова 
203 |a Текст  |c электронный 
215 |a 1 файл (565 Кб) 
225 1 |a Технические науки 
300 |a Заглавие с титульного листа 
300 |a Электронная версия печатной публикации 
320 |a [Библиогр.: с. 108 (12 назв.)] 
330 |a Исследован гранулометрический, фазовый и химический состав высокочистых образцов карбида кремния, полученных из предварительно отмытого порошка поликристаллического кремния различного гранулометрического состава. Разработана технология синтеза карбида кремния из механически активированного порошка. Показано, что синтезированный продукт имеет свойства, необходимые для получения компактных керамических изделий. 
337 |a Adobe Reader 
461 1 |0 (RuTPU)RU\TPU\book\176237  |t Известия Томского политехнического университета [Известия ТПУ]  |f Томский политехнический университет (ТПУ)  |d 2000- 
463 1 |0 (RuTPU)RU\TPU\book\185177  |t Т. 308, № 6  |v [С. 104-108]  |d 2005  |p 275 с. 
610 1 |a исследования 
610 1 |a влияние 
610 1 |a механическая активация 
610 1 |a сырье 
610 1 |a свойства 
610 1 |a карбид кремния 
610 1 |a гранулометрический состав 
610 1 |a фазовый состав 
610 1 |a химический состав 
610 1 |a образцы 
610 1 |a порошки 
610 1 |a поликристаллический кремний 
610 1 |a технологии 
610 1 |a синтез 
610 1 |a синтезированные продукты 
610 1 |a керамические изделия 
610 1 |a электронный ресурс 
700 1 |a Карелин  |b В. А.  |c химик  |c профессор Томского политехнического университета, доктор технических наук  |f 1960-2024  |g Владимир Александрович  |y Томск  |3 (RuTPU)RU\TPU\pers\30229  |9 14609 
701 1 |a Андриец  |b С. П. 
701 1 |a Юферова  |b А. П. 
801 1 |a RU  |b 63413507  |c 20090623  |g PSBO 
801 2 |a RU  |b 63413507  |c 20211013  |g PSBO 
856 4 |u http://www.lib.tpu.ru/fulltext/v/Bulletin_TPU/2005/v308/i6/23.pdf 
942 |c CF